| 000 | 01021nam a2200337Ia 4500 | ||
|---|---|---|---|
| 003 | GCL | ||
| 008 | 140319s9999 xx 000 0 ara d | ||
| 020 | _a1174605977 | ||
| 040 |
_aGCL / _cGCL |
||
| 082 | 0 | 4 |
_a152 _bع ع |
| 100 | 1 | _aاحمد عكاشة | |
| 245 | 1 | 0 |
_aعلم النفس الفسيولوجى / _cاحمد عكاشة |
| 250 | _aالتاسعة | ||
| 260 |
_aالقاهرة : _bمكتبة الانجلوالمصرية ، _c2000 |
||
| 300 |
_a369 ؛ _c24 سم |
||
| 490 | _a | ||
| 650 | 0 | 4 | _aعلم النفس |
| 650 | 0 | 4 | _aالتحليل النفسى |
| 650 | 0 | 4 | _aالمخابرات |
| 650 | 0 | 4 | _aعلم النفس التربوى |
| 650 | 0 | 4 | _aعلم النفس الفسيولوجى |
| 650 | 0 | 4 | _aالذاكرة |
| 650 | 0 | 4 | _aالتفكير |
| 650 | 0 | 4 | _aالذكاء |
| 650 | 0 | 4 | _aالادراك |
| 650 | 0 | 4 | _aالجوانب النفسية |
| 650 | 0 | 4 | _aاختبارات الذكاء |
| 650 | 0 | 4 | _aالامراض العقلية |
| 650 | 0 | 4 | _aالانتباه |
| 942 |
_2ddc _cBK |
||
| 999 |
_c29386 _d29386 |
||